Dalit studies/ (Record no. 145727)

MARC details
000 -LEADER
fixed length control field 00831nam a22002297a 4500
005 - DATE AND TIME OF LATEST TRANSACTION
control field 20241024140959.0
010 ## - LCCN (DPL NO)
LC control number ENG-122659 ENG-142353
020 ## - INTERNATIONAL STANDARD BOOK NUMBER
International Standard Book Number 9788178245119
Terms of availability 595.00
035 ## - SYSTEM CONTROL NUMBER
System control number B-682563-568
035 ## - SYSTEM CONTROL NUMBER
System control number EN-125885
035 ## - SYSTEM CONTROL NUMBER
System control number EN-106191
037 ## - SOURCE OF ACQUISITION
Source of stock number/acquisition Aakar
Stock number dpl
037 ## - SOURCE OF ACQUISITION
Source of stock number/acquisition DBAD/PUB
082 ## - DEWEY DECIMAL CLASSIFICATION NUMBER
Classification number 305.5688
245 ## - TITLE STATEMENT
Title Dalit studies/
Statement of responsibility, etc edited by Ramnarayan S. Rawat and K. Satyanarayana
260 ## - PUBLICATION, DISTRIBUTION, ETC. (IMPRINT)
Place of publication, distribution, etc Ranikhet
Name of publisher, distributor, etc Permanent Black
Date of publication, distribution, etc 2017
270 ## - ADDRESS
Address Himalayana, Mall Road, Ranikhet Cantt.
City Ranikhet
Postal code 263645
300 v# - PHYSICAL DESCRIPTION
Extent xii,304p.
Dimensions 21cm(pbk)
500 ## - GENERAL NOTE
General note Includes index
942 ## - ADDED ENTRY ELEMENTS (KOHA)
Source of classification or shelving scheme Dewey Decimal Classification
Item type English Books
Call number suffix DAL
Classification part 305.5688
Holdings
Withdrawn status Lost status Not for loan Collection code Home library Current library Date acquired Source of acquisition Cost, normal purchase price Full call number Barcode Copy number Cost, replacement price Koha item type
      Non-fiction Ashok Vihar Ashok Vihar 13/01/2018 Aakar/I-2011/30.11.17/BPPD/EN/2017-18/631/20.11.17/14.12.2017 595.00 305.5688 DAL B-682564 1 595.00 English Books
      Non-fiction Bawana Bawana 13/01/2018 Aakar/I-2011/30.11.17/BPPD/EN/2017-18/631/20.11.17/14.12.2017 595.00 305.5688 DAL B-682568 1 595.00 English Books
      Non-fiction Central Library Central Library 13/01/2018 Aakar/I-2011/30.11.17/BPPD/EN/2017-18/631/20.11.17/14.12.2017 595.00 305.5688 DAL B-682563 1 595.00 English Books
    Not For Loan Non-fiction D.B.Act.Division D.B.Act.Division 24/10/2024 Delivery of Books Act Division 595.00 DAL 305.5688 EN-125885 1 595.00 English Books
      Non-fiction Janak Puri Janak Puri 13/01/2018 Aakar/I-2011/30.11.17/BPPD/EN/2017-18/631/20.11.17/14.12.2017 595.00 305.5688 DAL B-682566 1 595.00 English Books
      Non-fiction Narela Narela 13/01/2018 Aakar/I-2011/30.11.17/BPPD/EN/2017-18/631/20.11.17/14.12.2017 595.00 305.5688 DAL B-682567 1 595.00 English Books
      Non-fiction Patel Nagar Patel Nagar 13/01/2018 Aakar/I-2011/30.11.17/BPPD/EN/2017-18/631/20.11.17/14.12.2017 595.00 305.5688 DAL B-682565 1 595.00 English Books
    Not For Loan Non-fiction D.B.Act.Division Patel Nagar 08/05/2018 DBAD/PUB 595.00 305.5688 DAL EN-106191 1 595.00 English Books

© Delhi Public Library
Hit Counter
free hit counter